000 004060000a22001810004500
005 20120302061942.0
942 _cBOOK
100 _a Sankalia,H.D.
245 _a Archaeology in Rajasthan
260 _aUdaipur:Sahitya Sansthan,1988.
300 _a132p.
040 _aENG
650 _aHistory
650 _aArchaeology-Rajasthan
650 _aArt
650 _aCivilization
650 _aRajasthan
999 _c355354
_d355351